[Event "zonal 1.4"]
[Site "Krynica-Zdroj POL"]
[Date "1998.09.04"]
[Round "3"]
[White "Kempinski, Robert"]
[Black "Macieja, Bartlomiej"]
[Result "1/2-1/2"]
[WhiteElo "2545"]
[BlackElo "2490"]
[EventDate "1998.09.02"]
[PlyCount "84"]

1.d4 Nf6 2.Nf3 e6 3.c4 Bb4+ 4.Nbd2 b6 5.a3 Bxd2+ 6.Qxd2 Bb7 7.b4 O-O 8.e3 
d6 9.Be2 Nbd7 10.O-O Ne4 11.Qc2 f5 12.Rd1 Ndf6 13.Nd2 a5 14.f3 Nxd2 15.
Bxd2 axb4 16.axb4 Qd7 17.Bc3 Rxa1 18.Rxa1 Ra8 19.Rxa8+ Bxa8 20.Qa2 Bb7 21.
d5 e5 22.Qa7 Qc8 23.f4 Ne4 24.Bb2 exf4 25.exf4 Qa8 26.Qxa8+ Bxa8 27.Bd3 
Bb7 28.g4 Bc8 29.Kf1 Kf7 30.Ke2 g6 31.Ke3 Nf6 32.Bxf6 Kxf6 33.g5+ Ke7 34.
Kd4 Bd7 35.c5 bxc5+ 36.bxc5 c6 37.Bc4 cxd5 38.Bxd5 dxc5+ 39.Kxc5 Ba4 40.
Kd4 Bd1 41.Ke5 Bg4 42.Bg8 Bh3 1/2-1/2

[Event "zonal 1.4"]
[Site "Krynica-Zdroj POL"]
[Date "1998.09.04"]
[Round "3"]
[White "Badea, Bela"]
[Black "Jansa, Vlastimil"]
[Result "1/2-1/2"]
[WhiteElo "2530"]
[BlackElo "2490"]
[EventDate "1998.09.02"]
[PlyCount "120"]

1.Nf3 g6 2.d4 Bg7 3.e4 d6 4.c3 Nf6 5.Bd3 O-O 6.O-O Nc6 7.h3 e5 8.Re1 Re8 
9.d5 Ne7 10.c4 Nd7 11.Nc3 f5 12.Rb1 a5 13.a3 h6 14.b4 axb4 15.axb4 f4 16.
c5 dxc5 17.Nb5 Kh7 18.Qc2 b6 19.Ba3 Ba6 20.Rb3 c6 21.Nd6 Bxd3 22.Rxd3 c4 
23.Qxc4 cxd5 24.exd5 Rf8 25.b5 Qb8 26.Qb3 Nf5 27.Nxf5 Rxf5 28.Rdd1 Qa7 29.
Be7 Qa4 30.Qb1 Ra5 31.Re4 Qa2 32.Qxa2 Rxa2 33.Rc1 Ra7 34.Kh2 Rf7 35.Bd6 
Ra5 36.Rb1 Bf8 37.Bxf8 Rxf8 38.Nxe5 Nxe5 39.Rxe5 Kg7 40.Re6 Rd8 41.Rxb6 
Rxd5 42.Rc1 h5 43.Rb7+ Kh6 44.b6 Kg5 45.Rbc7 Rab5 46.b7 Rb2 47.R1c2 Rdb5 
48.Rxb2 Rxb2 49.f3 Rb1 50.Rh7 h4 51.Rf7 Kh5 52.Rxf4 Rxb7 53.Re4 Rb1 54.g4+
hxg3+ 55.Kxg3 Kg5 56.h4+ Kf6 57.Ra4 Kf5 58.Ra5+ Kf6 59.h5 gxh5 60.Rxh5 Kg6
1/2-1/2

[Event "zonal 1.4"]
[Site "Krynica-Zdroj POL"]
[Date "1998.09.04"]
[Round "3"]
[White "Horvath, Csaba"]
[Black "Todorov, Todor"]
[Result "1-0"]
[WhiteElo "2540"]
[BlackElo "2420"]
[EventDate "1998.09.02"]
[PlyCount "87"]

1.d4 Nf6 2.c4 g6 3.Nc3 Bg7 4.e4 d6 5.Be2 O-O 6.Bg5 c5 7.d5 b5 8.cxb5 a6 9.
a4 Qa5 10.Bd2 Qb4 11.Qc2 axb5 12.f3 c4 13.Nxb5 Qxb5 14.axb5 Rxa1+ 15.Bd1 
Bd7 16.Ne2 Bxb5 17.Nc3 Ba6 18.O-O Nfd7 19.Be2 Bd4+ 20.Kh1 Rxf1+ 21.Bxf1 
Nc5 22.Ne2 Bg7 23.Bc3 Nbd7 24.Nd4 Ne5 25.Nc6 Nxc6 26.dxc6 Bxc3 27.Qxc3 Rc8
28.Bxc4 Bxc4 29.Qxc4 Rxc6 30.Qb5 Ra6 31.h4 Ra1+ 32.Kh2 Kg7 33.b4 Rb1 34.e5
Ne6 35.exd6 exd6 36.h5 gxh5 37.Qb8 d5 38.f4 Kf6 39.b5 Kg7 40.b6 Nc5 41.
Qe5+ Kg8 42.Qxd5 Rc1 43.Qd8+ Kg7 44.Qc7 1-0

[Event "zonal 1.4"]
[Site "Krynica-Zdroj POL"]
[Date "1998.09.04"]
[Round "3"]
[White "Balogh, Tomas"]
[Black "Blatny, Pavel"]
[Result "1-0"]
[WhiteElo "2425"]
[BlackElo "2520"]
[EventDate "1998.09.02"]
[PlyCount "125"]

1.d4 d5 2.c4 e6 3.Nc3 Bb4 4.Nf3 Nf6 5.Bg5 h6 6.Bxf6 Qxf6 7.e3 Nc6 8.Qc2 
O-O 9.a3 Bxc3+ 10.Qxc3 Re8 11.cxd5 exd5 12.Be2 Qd6 13.Rc1 Re7 14.O-O Nd8 
15.Qc5 Qxc5 16.Rxc5 c6 17.b4 Bd7 18.Rfc1 f6 19.Bd1 Ne6 20.R5c3 a5 21.Bb3 
axb4 22.axb4 Nc7 23.Ne1 Nb5 24.R3c2 Ra6 25.Ra2 Rb6 26.Nd3 Nc7 27.Ra4 g5 
28.Nc5 Bf5 29.g3 Kg7 30.Bd1 Nb5 31.Bc2 Bxc2 32.Rxc2 Nd6 33.Kg2 Rb5 34.Kf3 
f5 35.Nd3 Nc4 36.Rca2 Nb6 37.Ra5 Rxa5 38.bxa5 Nc8 39.a6 b5 40.Nb4 Na7 41.
Rc2 g4+ 42.Kg2 Kf6 43.Nxc6 Rc7 44.Nb4 Rxc2 45.Nxc2 Ke6 46.h3 h5 47.h4 Kd6 
48.Nb4 Nc6 49.Kf1 Kc7 50.Nxd5+ Kb8 51.Ke2 Ka7 52.Nf6 Kxa6 53.Nxh5 b4 54.
Nf4 Kb5 55.h5 Kc4 56.h6 b3 57.Kd2 Nb4 58.Kc1 Kc3 59.Ne2+ Kd3 60.h7 Kxe2 
61.h8=Q Nd3+ 62.Kb1 Nxf2 63.Qe5 1-0

[Event "zonal 1.4"]
[Site "Krynica-Zdroj POL"]
[Date "1998.09.05"]
[Round "4"]
[White "Spasov, Vasil"]
[Black "Kempinski, Robert"]
[Result "1/2-1/2"]
[WhiteElo "2595"]
[BlackElo "2545"]
[EventDate "1998.09.02"]
[PlyCount "61"]

1.d4 Nf6 2.c4 g6 3.Nc3 Bg7 4.e4 d6 5.Nf3 O-O 6.h3 e5 7.d5 Na6 8.Bg5 c6 9.
Bd3 Nc5 10.Bc2 cxd5 11.cxd5 a5 12.O-O Bd7 13.a4 Qb6 14.Rb1 Rfc8 15.Re1 Ne8
16.Be3 Qa6 17.Qe2 Qxe2 18.Rxe2 f5 19.Nd2 Nf6 20.f3 Nh5 21.Nf1 fxe4 22.fxe4
Nf4 23.Rd2 Ra6 24.b4 axb4 25.Rxb4 Ra5 26.Bd1 Bf6 27.Kh2 Be8 28.g3 Nh5 29.
Nb5 Be7 30.Bc2 Nf6 31.Kg2 1/2-1/2

[Event "zonal 1.4"]
[Site "Krynica-Zdroj POL"]
[Date "1998.09.05"]
[Round "4"]
[White "Acs, Peter"]
[Black "Wojtkiewicz, Aleksander"]
[Result "1/2-1/2"]
[WhiteElo "2500"]
[BlackElo "2595"]
[EventDate "1998.09.02"]
[PlyCount "53"]

1.e4 c5 2.Nf3 d6 3.d4 cxd4 4.Nxd4 Nf6 5.Nc3 a6 6.Be2 g6 7.O-O Bg7 8.Nb3 
O-O 9.Re1 Nc6 10.Bg5 Be6 11.Bf1 a5 12.a4 Rc8 13.Nd5 Nb4 14.Bxf6 exf6 15.c3
Nxd5 16.exd5 Bd7 17.Nd2 f5 18.Nc4 Rc5 19.Nxd6 Qc7 20.Nb5 Bxb5 21.Bxb5 Rd8 
22.d6 Rxd6 23.Re8+ Bf8 24.Qe2 Rcd5 25.Re1 Rd8 26.Rxd8 Rxd8 27.Rd1 1/2-1/2

[Event "zonal 1.4"]
[Site "Krynica-Zdroj POL"]
[Date "1998.09.06"]
[Round "4"]
[White "Ftacnik, Lubomir"]
[Black "Groszpeter, Attila"]
[Result "1-0"]
[WhiteElo "2585"]
[BlackElo "2505"]
[EventDate "1998.09.02"]
[PlyCount "80"]

1.d4 Nf6 2.Nf3 g6 3.c4 Bg7 4.Nc3 d5 5.Qb3 dxc4 6.Qxc4 O-O 7.e4 Na6 8.Be2 
c5 9.d5 e6 10.O-O exd5 11.exd5 Bf5 12.Be3 Re8 13.Rad1 Ne4 14.Nxe4 Rxe4 15.
Qc1 Qb6 16.Bd3 Bxb2 17.Qc2 Rxe3 18.fxe3 Nb4 19.Qxb2 Nxd3 20.Qxb6 axb6 21.
g4 Be4 22.Ng5 Bxd5 23.Rxd3 Bc4 24.Rd2 Bxf1 25.Kxf1 Ra4 26.h3 h6 27.Nf3 b5 
28.Ke2 b4 29.Rc2 b6 30.Nd2 Kg7 31.Kd3 Kf6 32.Kc4 Ra3 33.Kb5 Rxe3 34.Kxb6 
Rxh3 35.Kxc5 Kg5 36.Ne4+ Kf4 37.Rc4 Re3 38.Nd6+ Ke5 39.Rxb4 Rc3+ 40.Rc4 
Ra3 1-0

[Event "zonal 1.4"]
[Site "Krynica-Zdroj POL"]
[Date "1998.09.06"]
[Round "4"]
[White "Marin, Mihail"]
[Black "Gdanski, Jacek"]
[Result "1/2-1/2"]
[WhiteElo "2530"]
[BlackElo "2540"]
[EventDate "1998.09.02"]
[PlyCount "83"]

1.c4 g6 2.g3 Bg7 3.Bg2 c5 4.Nc3 Nc6 5.Nf3 e5 6.a3 a5 7.O-O Nge7 8.d3 O-O 
9.Ne1 d6 10.Nc2 Nd4 11.Rb1 Nxc2 12.Qxc2 Nc6 13.e3 f5 14.Nd5 g5 15.b4 axb4 
16.axb4 f4 17.b5 Ne7 18.exf4 gxf4 19.gxf4 Nf5 20.Bb2 Ra2 21.Qb3 Rxb2 22.
Qxb2 exf4 23.Qd2 Be5 24.Kh1 Qh4 25.Rg1 f3 26.Bxf3+ Ng7 27.Rg3 Rxf3 28.Ne7+
Qxe7 29.Rxf3 b6 30.Re1 Bb7 31.Re4 Ne6 32.Rf5 Nd4 33.Rg5+ Kh8 34.Rg4 Nf3 
35.Qh6 Qf7 36.h3 Ne1 37.Qh4 Qf8 38.f4 Bc3 39.Qg3 Nc2 40.Kh2 Nd4 41.Qe3 
Bxe4 42.Qxe4 1/2-1/2

[Event "zonal 1.4"]
[Site "Krynica-Zdroj POL"]
[Date "1998.09.05"]
[Round "4"]
[White "Istratescu, Andrei"]
[Black "Vokac, Marek"]
[Result "1-0"]
[WhiteElo "2540"]
[BlackElo "2525"]
[EventDate "1998.09.02"]
[PlyCount "83"]

1.d4 c5 2.d5 e5 3.e4 d6 4.Nc3 Be7 5.Nf3 h6 6.Nd2 Bg5 7.Nc4 Nf6 8.Bd3 a6 9.
a4 b6 10.O-O Qc7 11.f4 exf4 12.Nxd6+ Qxd6 13.e5 Qd8 14.exf6 Qxf6 15.Ne4 
Qe5 16.h4 Qd4+ 17.Kh1 Nd7 18.Nd6+ Kf8 19.Nxc8 Rxc8 20.Bxa6 Rd8 21.Qxd4 
cxd4 22.hxg5 hxg5+ 23.Kg1 Nc5 24.Bd3 Rxd5 25.b4 Nxd3 26.cxd3 Ke7 27.Bd2 
Kd7 28.a5 b5 29.Rfe1 f6 30.Rac1 Kd6 31.Kf2 Re5 32.Kf3 Rhe8 33.Rxe5 fxe5 
34.Rc5 Rh8 35.Rxb5 Rh2 36.a6 g4+ 37.Kxg4 Rxg2+ 38.Kf3 Rxd2 39.a7 Rxd3+ 40.
Ke2 Re3+ 41.Kf2 Kc6 42.Ra5 1-0

[Event "zonal 1.4"]
[Site "Krynica-Zdroj POL"]
[Date "1998.09.04"]
[Round "4"]
[White "Nisipeanu, Liviu-Dieter"]
[Black "Stefanova, Antoaneta"]
[Result "1/2-1/2"]
[WhiteElo "2575"]
[BlackElo "2470"]
[EventDate "1998.09.02"]
[PlyCount "39"]

1.e4 d5 2.exd5 Qxd5 3.Nc3 Qa5 4.d4 c6 5.Nf3 Bf5 6.Bc4 e6 7.Bd2 Nf6 8.Nd5 
Qd8 9.Nxf6+ gxf6 10.Qe2 Bxc2 11.O-O Be7 12.Bh6 Bg6 13.Rad1 Nd7 14.d5 cxd5 
15.Bxd5 Qb6 16.Be4 Nc5 17.Bxg6 hxg6 18.Be3 a5 19.Qc2 Rc8 20.Nd2 1/2-1/2

[Event "zonal 1.4"]
[Site "Krynica-Zdroj POL"]
[Date "1998.09.05"]
[Round "4"]
[White "Macieja, Bartlomiej"]
[Black "Nevednichy, Vladislav"]
[Result "1/2-1/2"]
[WhiteElo "2490"]
[BlackElo "2545"]
[EventDate "1998.09.02"]
[PlyCount "85"]

1.e4 g6 2.d4 Bg7 3.c3 d6 4.Nf3 Nf6 5.Bd3 O-O 6.O-O Nc6 7.h3 e5 8.Re1 h6 9.
Be3 exd4 10.cxd4 Nb4 11.Nc3 Nxd3 12.Qxd3 c6 13.d5 cxd5 14.Nxd5 Nxd5 15.
Qxd5 Bxb2 16.Bxh6 Bxa1 17.Rxa1 Qf6 18.e5 dxe5 19.Bxf8 e4 20.Re1 Be6 21.
Qxe4 Rxf8 22.Qxb7 Bxa2 23.Qxa7 Bd5 24.Ne5 Qg5 25.Ng4 Be6 26.Qe3 Qxe3 27.
Nxe3 Ra8 28.Kh2 Kg7 29.Kg3 Ra4 30.Re2 g5 31.Nd1 Kg6 32.Re3 Rd4 33.Nc3 Bc4 
34.Kh2 f5 35.Re5 Rd3 36.Na4 Rd2 37.Nb6 Bf7 38.Kg1 Rd1+ 39.Kh2 Rd2 40.f3 
Kf6 41.Rc5 Be6 42.Rc6 Rd4 43.Nc8 1/2-1/2

[Event "zonal 1.4"]
[Site "Krynica-Zdroj POL"]
[Date "1998.09.06"]
[Round "4"]
[White "Georgiev, Vladimir"]
[Black "Balogh, Tomas"]
[Result "1-0"]
[WhiteElo "2540"]
[BlackElo "2475"]
[EventDate "1998.09.02"]
[PlyCount "81"]

1.d4 Nf6 2.c4 g6 3.Nc3 Bg7 4.e4 d6 5.Bd3 O-O 6.Nge2 Nc6 7.O-O Nh5 8.Bc2 e5
9.d5 Ne7 10.Kh1 f5 11.exf5 Nxf5 12.Ne4 Nf4 13.Nxf4 exf4 14.Bxf4 Bxb2 15.
Rb1 Bg7 16.Bg5 Qd7 17.c5 Nd4 18.Ba4 Qf5 19.f3 dxc5 20.Be7 b6 21.d6 Be5 22.
Bxf8 Kxf8 23.dxc7 Bxc7 24.Ng3 Qf6 25.Qe1 Bb7 26.f4 Kg7 27.Ne4 Qe7 28.Ng5 
Qd6 29.Qe5+ Qxe5 30.fxe5 Bd5 31.e6 Bd8 32.Rf7+ Kg8 33.Rd7 Nxe6 34.Rxd5 
Nxg5 35.Re1 Bf6 36.Rd7 Rc8 37.Bb3+ Kf8 38.h4 c4 39.hxg5 cxb3 40.gxf6 b2 
41.Rb1 1-0

[Event "zonal 1.4"]
[Site "Krynica-Zdroj POL"]
[Date "1998.09.05"]
[Round "4"]
[White "Jansa, Vlastimil"]
[Black "Blatny, Pavel"]
[Result "0-1"]
[WhiteElo "2490"]
[BlackElo "2520"]
[EventDate "1998.09.02"]
[PlyCount "60"]

1.e4 c6 2.d4 g6 3.Nf3 d5 4.Nbd2 Bg7 5.c3 a5 6.Bd3 e6 7.O-O Ne7 8.Re1 b6 9.
b3 O-O 10.Bb2 Ba6 11.c4 c5 12.exd5 exd5 13.Ne5 cxd4 14.Ba3 Ra7 15.cxd5 
Qxd5 16.Nec4 Qd8 17.Qf3 Nbc6 18.Ne4 b5 19.Ncd2 b4 20.Bxa6 bxa3 21.Bc4 Nb4 
22.Rf1 Ned5 23.Nc5 Re7 24.Nd3 Ne3 25.Nxb4 Nxf1 26.Nc6 Nxd2 27.Qf4 Nxc4 28.
Nxd8 Ne5 29.Qh4 g5 30.Qxg5 f6 0-1

[Event "zonal 1.4"]
[Site "Krynica-Zdroj POL"]
[Date "1998.09.05"]
[Round "4"]
[White "Mrva, Martin"]
[Black "Chatalbashev, Boris"]
[Result "1/2-1/2"]
[WhiteElo "2445"]
[BlackElo "2535"]
[EventDate "1998.09.02"]
[PlyCount "97"]

1.d4 Nf6 2.Nf3 g6 3.c4 c5 4.d5 Bg7 5.Nc3 O-O 6.e4 d6 7.Bd3 e6 8.O-O exd5 
9.exd5 Bg4 10.h3 Bxf3 11.Qxf3 Nfd7 12.Qd1 f5 13.f4 Na6 14.Bd2 Nc7 15.Qf3 
Qh4 16.Kh2 Rae8 17.g3 Qd8 18.Rae1 h5 19.Kg2 Nf6 20.Bc2 a6 21.a4 b6 22.Bd3 
Qd7 23.Rxe8 Rxe8 24.Re1 Rxe1 25.Bxe1 Qe8 26.Qe2 Qxe2+ 27.Bxe2 a5 28.Kf3 
Kf7 29.b3 Ng8 30.g4 hxg4+ 31.hxg4 Nh6 32.gxf5 Nxf5 33.Bd1 Nd4+ 34.Ke3 Nf5+
35.Kd3 Bh6 36.Bd2 Ke7 37.Ne4 Na6 38.Ng5 Nb4+ 39.Ke4 Nd4 40.Bxb4 axb4 41.
Ne6 Kd7 42.Nxd4 cxd4 43.Bc2 Ke7 44.Kf3 g5 45.f5 Bg7 46.Bd3 Be5 47.Be2 Bg7 
48.Kg4 Kf6 49.Bd3 1/2-1/2

[Event "zonal 1.4"]
[Site "Krynica-Zdroj POL"]
[Date "1998.09.06"]
[Round "4"]
[White "Todorov, Todor"]
[Black "Kaminski, Marcin"]
[Result "0-1"]
[WhiteElo "2420"]
[BlackElo "2530"]
[EventDate "1998.09.02"]
[PlyCount "154"]

1.e4 d5 2.exd5 Nf6 3.d4 Nxd5 4.Nf3 Bf5 5.Bd3 Bxd3 6.Qxd3 c6 7.c4 Nf6 8.O-O
e6 9.Nc3 Be7 10.Bg5 O-O 11.Rad1 Nbd7 12.Rfe1 Re8 13.d5 exd5 14.cxd5 Qb6 
15.dxc6 Qxc6 16.Nd4 Qb6 17.Nf5 Bf8 18.Qg3 Kh8 19.Rxe8 Rxe8 20.h3 Qxb2 21.
Qc7 Qb6 22.Rxd7 Nxd7 23.Qxd7 Qe6 24.Qd3 Qe1+ 25.Kh2 Qxf2 26.Bh4 Qb6 27.Ne4
Qa6 28.Qc2 Qc6 29.Qxc6 bxc6 30.Nfd6 Bxd6+ 31.Nxd6 Re2 32.Nxf7+ Kg8 33.Nd8 
c5 34.Nc6 Rxa2 35.Kg1 c4 36.Be1 Ra6 37.Ne5 Ra4 38.Kf2 a5 39.Ke3 Ra2 40.
Nxc4 a4 41.Bd2 Ra1 42.Bb4 Rg1 43.Kf3 Rb1 44.Bd6 Kf7 45.Na3 Rb3+ 46.Ke2 Ke6
47.Bf8 Kd5 48.Kf2 g6 49.Kg1 Ke4 50.Kh2 Kd3 51.Be7 Ke2 52.h4 Kf1 53.Nc4 Rc3
54.Nd2+ Ke2 55.Nb1 Re3 56.Bf8 Rd3 57.Be7 Kf1 58.g4 Kf2 59.h5 Kf3 60.hxg6 
hxg6 61.g5 Kg4 62.Bf6 a3 63.Nxa3 Rxa3 64.Kg2 Ra2+ 65.Kg1 Rc2 66.Bd8 Kg3 
67.Kf1 Rf2+ 68.Kg1 Rd2 69.Bc7+ Kg4 70.Bb6 Rd1+ 71.Kg2 Kxg5 72.Kg3 Rd3+ 73.
Kg2 Kg4 74.Bc7 Rd2+ 75.Kg1 Rc2 76.Bb8 Kf3 77.Ba7 g5 0-1

[Event "zonal 1.4"]
[Site "Krynica-Zdroj POL"]
[Date "1998.09.06"]
[Round "5"]
[White "Ftacnik, Lubomir"]
[Black "Almasi, Zoltan"]
[Result "1/2-1/2"]
[WhiteElo "2585"]
[BlackElo "2650"]
[EventDate "1998.09.02"]
[PlyCount "46"]

1.d4 Nf6 2.Nf3 e6 3.g3 d5 4.Bg2 Be7 5.O-O O-O 6.c4 dxc4 7.Qc2 a6 8.Qxc4 b5
9.Qc2 Bb7 10.Bf4 Nc6 11.Rd1 Nb4 12.Qc1 Rc8 13.Nc3 Nbd5 14.Nxd5 Nxd5 15.Bg5
c5 16.dxc5 Qe8 17.Bxe7 Qxe7 18.Qd2 Rxc5 19.Rac1 Rfc8 20.Ne5 h6 21.Nd3 Rc4 
22.Ne5 R4c5 23.Nd3 Rc4 1/2-1/2

[Event "zonal 1.4"]
[Site "Krynica-Zdroj POL"]
[Date "1998.09.06"]
[Round "5"]
[White "Babula, Vlastimil"]
[Black "Spasov, Vasil"]
[Result "1/2-1/2"]
[WhiteElo "2575"]
[BlackElo "2595"]
[EventDate "1998.09.02"]
[PlyCount "45"]

1.d4 Nf6 2.c4 g6 3.Nc3 Bg7 4.e4 d6 5.Nf3 O-O 6.Be2 e5 7.O-O Nc6 8.d5 Ne7 
9.b4 Nh5 10.Re1 Nf4 11.Bf1 a5 12.bxa5 Rxa5 13.a4 c5 14.Ra3 Ra6 15.Nb5 h6 
16.Nd2 g5 17.g3 Nfg6 18.Qh5 Qd7 19.Be2 Nh8 20.Nf1 f5 21.Ne3 f4 22.Ng4 Kh7 
23.h4 1/2-1/2

[Event "zonal 1.4"]
[Site "Krynica-Zdroj POL"]
[Date "1998.09.06"]
[Round "5"]
[White "Kempinski, Robert"]
[Black "Nisipeanu, Liviu-Dieter"]
[Result "0-1"]
[WhiteElo "2545"]
[BlackElo "2575"]
[EventDate "1998.09.02"]
[PlyCount "116"]

1.d4 Nf6 2.c4 e6 3.Nf3 b6 4.g3 Ba6 5.Nbd2 d5 6.Bg2 Be7 7.O-O O-O 8.Ne5 Bb7
9.Qa4 Bd6 10.cxd5 Bxd5 11.e4 Bb7 12.Nec4 Be7 13.e5 Bxg2 14.exf6 Bxf6 15.
Kxg2 Qd5+ 16.Nf3 b5 17.Ne3 Qxf3+ 18.Kxf3 bxa4 19.Rd1 Nc6 20.d5 Nd4+ 21.Kg2
Rfd8 22.dxe6 Nxe6 23.Rb1 Rxd1 24.Nxd1 Rb8 25.Be3 a6 26.a3 c5 27.Rc1 Bd4 
28.Bxd4 cxd4 29.Rc4 Kf8 30.Kf1 Rb6 31.Ke1 Ke7 32.Rxa4 Rc6 33.Kd2 Nc5 34.
Rb4 a5 35.Rb8 a4 36.f3 f5 37.Rb4 Rh6 38.h4 f4 39.Ke2 Re6+ 40.Kf1 Nd3 41.
Rxd4 Re1+ 42.Kg2 Rxd1 43.Rxa4 Rd2+ 44.Kh3 fxg3 45.Ra7+ Kf6 46.Kxg3 Rxb2 
47.Ra4 Kf5 48.Ra7 Kg6 49.Ra6+ Kh5 50.a4 h6 51.a5 g5 52.hxg5 hxg5 53.Ra8 
Nf4 54.Rh8+ Kg6 55.Rh2 Ne2+ 56.Kg4 Rb4+ 57.Kh3 Rh4+ 58.Kg2 Ra4 0-1

[Event "zonal 1.4"]
[Site "Krynica-Zdroj POL"]
[Date "1998.09.06"]
[Round "5"]
[White "Nevednichy, Vladislav"]
[Black "Georgiev, Vladimir"]
[Result "1/2-1/2"]
[WhiteElo "2545"]
[BlackElo "2540"]
[EventDate "1998.09.02"]
[PlyCount "62"]

1.e4 c5 2.Nf3 Nc6 3.c3 d5 4.exd5 Qxd5 5.d4 Bg4 6.Be2 cxd4 7.cxd4 e6 8.h3 
Bh5 9.Nc3 Qa5 10.O-O Nf6 11.a3 Be7 12.Be3 Nd5 13.Qb3 Qb6 14.Qxb6 Nxb6 15.
g4 Bg6 16.Ne5 f6 17.Nxg6 hxg6 18.Kg2 Kf7 19.Rfd1 Rhd8 20.Bf3 Nc4 21.d5 
Nxe3+ 22.fxe3 exd5 23.Bxd5+ Ke8 24.Nb5 Rac8 25.Be6 Rxd1 26.Rxd1 Rb8 27.
Nc7+ Kf8 28.Ba2 Ne5 29.b4 Bd8 30.Ne6+ Ke7 31.Nf4 Rc8 1/2-1/2

[Event "zonal 1.4"]
[Site "Krynica-Zdroj POL"]
[Date "1998.09.06"]
[Round "5"]
[White "Kaminski, Marcin"]
[Black "Marin, Mihail"]
[Result "1/2-1/2"]
[WhiteElo "2530"]
[BlackElo "2530"]
[EventDate "1998.09.02"]
[PlyCount "33"]

1.e4 d6 2.d4 Nf6 3.Nc3 g6 4.Be3 c6 5.Qd2 Nbd7 6.Nf3 e5 7.Bh6 Bxh6 8.Qxh6 
Qe7 9.Bd3 b5 10.O-O Ng4 11.Qd2 O-O 12.h3 Ngf6 13.a4 b4 14.Nd1 a5 15.Qg5 
Re8 16.Ne3 Nb6 17.Rfe1 1/2-1/2

[Event "zonal 1.4"]
[Site "Krynica-Zdroj POL"]
[Date "1998.09.06"]
[Round "5"]
[White "Chatalbashev, Boris"]
[Black "Markowski, Tomasz"]
[Result "0-1"]
[WhiteElo "2535"]
[BlackElo "2525"]
[EventDate "1998.09.02"]
[PlyCount "78"]

1.d4 d6 2.e4 Nf6 3.Nc3 g6 4.g3 Bg7 5.Bg2 O-O 6.Nge2 e5 7.h3 c6 8.a4 a5 9.
Be3 Qc7 10.O-O Na6 11.g4 Nb4 12.Ng3 Nd7 13.Rc1 b6 14.f4 Ba6 15.Rf2 exd4 
16.Bxd4 Nd3 17.Bxg7 Nxf2 18.Qd4 Nxh3+ 19.Bxh3 c5 20.Qd2 Kxg7 21.g5 Bc4 22.
b3 Be6 23.f5 Ne5 24.Rf1 c4 25.Nb5 Qc5+ 26.Kg2 Bd7 27.Nxd6 Bc6 28.Nxc4 Nxc4
29.bxc4 Qe5 30.Rf4 Rad8 31.Qf2 Rd4 32.fxg6 hxg6 33.Be6 fxe6 34.Rxf8 Bxe4+ 
35.Nxe4 Qxe4+ 36.Rf3 Rxc4 37.Kh3 Qg4+ 38.Kh2 Qxg5 39.Rf7+ Kh6 0-1

[Event "zonal 1.4"]
[Site "Krynica-Zdroj POL"]
[Date "1998.09.06"]
[Round "5"]
[White "Hracek, Zbynek"]
[Black "Mrva, Martin"]
[Result "1-0"]
[WhiteElo "2615"]
[BlackElo "2445"]
[EventDate "1998.09.02"]
[PlyCount "73"]

1.e4 c5 2.Nf3 a6 3.Nc3 e6 4.d4 b5 5.Bg5 Qc7 6.d5 h6 7.Bh4 b4 8.Nb1 exd5 9.
Qxd5 Bb7 10.Qd3 Qc6 11.Nbd2 Qe6 12.Qb3 f5 13.Qxe6+ dxe6 14.exf5 exf5 15.
Bg3 Nd7 16.O-O-O g5 17.Re1+ Kd8 18.Ne5 Rh7 19.Bd3 Ne7 20.f3 h5 21.Nxd7 
Kxd7 22.Nc4 Rh6 23.h4 gxh4 24.Bxh4 Re8 25.Bg5 Rh8 26.Ne5+ Kc7 27.Ng6 Nxg6 
28.Rxe8 Bh6 29.Bxh6 Rxe8 30.Bxf5 Ne7 31.Rxh5 Nxf5 32.Rxf5 Re2 33.Rxc5+ Kb6
34.Rg5 a5 35.Rg6+ Kb5 36.Kd1 Rf2 37.Be3 1-0

[Event "zonal 1.4"]
[Site "Krynica-Zdroj POL"]
[Date "1998.09.06"]
[Round "5"]
[White "Vokac, Marek"]
[Black "Badea, Bela"]
[Result "0-1"]
[WhiteElo "2525"]
[BlackElo "2530"]
[EventDate "1998.09.02"]
[PlyCount "104"]

1.b4 e5 2.Bb2 Bxb4 3.Bxe5 Nf6 4.e3 O-O 5.Nf3 d5 6.Be2 c5 7.O-O Nc6 8.Bg3 
d4 9.Bh4 Qd6 10.Qc1 Bf5 11.Qb2 Ne4 12.Bd3 a6 13.a4 Qd7 14.Qc1 Rfe8 15.Na3 
Rab8 16.Bxe4 Bxe4 17.Qd1 Bxf3 18.Qxf3 Bxd2 19.Bg3 Rbd8 20.Nc4 Bc3 21.Rab1 
Qe7 22.e4 f6 23.Nb6 Nb4 24.Qh5 g6 25.Qf3 Qxe4 26.Qxf6 Qe6 27.Qxe6+ Rxe6 
28.Bc7 Rde8 29.Nd7 Rc8 30.Nxc5 Rc6 31.Ba5 Nxc2 32.Nxb7 Rb8 33.g3 Na3 34.
Rb3 Nc4 35.Bxc3 dxc3 36.Rc1 Nd2 37.Rbxc3 Rxc3 38.Rxc3 Rxb7 39.Rc6 a5 40.
Rc5 Nb3 41.Rc3 Kf7 42.Kg2 Ke6 43.h4 Kd5 44.Rc8 Ra7 45.Rd8+ Kc4 46.h5 gxh5 
47.f4 Nc5 48.Rc8 Kb4 49.Kf3 Nxa4 50.Ke4 Nc3+ 51.Ke5 a4 52.Rb8+ Nb5 0-1

[Event "zonal 1.4"]
[Site "Krynica-Zdroj POL"]
[Date "1998.09.06"]
[Round "5"]
[White "Gdanski, Jacek"]
[Black "Groszpeter, Attila"]
[Result "1-0"]
[WhiteElo "2540"]
[BlackElo "2505"]
[EventDate "1998.09.02"]
[PlyCount "115"]

1.e4 c5 2.Nf3 d6 3.d4 cxd4 4.Nxd4 Nf6 5.Nc3 Nc6 6.Bc4 Qb6 7.Ndb5 a6 8.Be3 
Qd8 9.Nd4 Ng4 10.Nxc6 bxc6 11.Bf4 e5 12.Bg3 Be7 13.h3 Nf6 14.O-O O-O 15.
Qe2 Be6 16.Bb3 a5 17.Kh1 g6 18.Rad1 Qc8 19.Bh4 Bxb3 20.Bxf6 Bxf6 21.axb3 
Be7 22.Rd3 Qe6 23.Rd2 Rfb8 24.Qg4 Rb4 25.Qe2 Bf8 26.Rd3 Be7 27.Qd2 Bf8 28.
f3 Qf6 29.Ra1 Qh4 30.Kg1 Qe7 31.Kh2 Qh4 32.Nd1 Bh6 33.Qf2 Qe7 34.Ne3 a4 
35.Nc4 Rab8 36.Rxa4 d5 37.Rxb4 Rxb4 38.exd5 cxd5 39.Rxd5 Qf6 40.Qe2 Rb8 
41.g3 Bg7 42.Rxe5 Qc6 43.Qe4 Qd7 44.Re7 Qd1 45.Qe2 Qc1 46.Re8+ Rxe8 47.
Qxe8+ Bf8 48.Qe2 Bc5 49.Qg2 g5 50.h4 gxh4 51.gxh4+ Kf8 52.c3 f6 53.Qg4 
Qc2+ 54.Kh3 Qf2 55.Qc8+ Ke7 56.Qc7+ Kf8 57.Qb8+ Ke7 58.Qg3 1-0

[Event "zonal 1.4"]
[Site "Krynica-Zdroj POL"]
[Date "1998.09.06"]
[Round "5"]
[White "Horvath, Csaba"]
[Black "Acs, Peter"]
[Result "0-1"]
[WhiteElo "2540"]
[BlackElo "2500"]
[EventDate "1998.09.02"]
[PlyCount "74"]

1.d4 Nf6 2.Nf3 d5 3.c4 e6 4.g3 Bb4+ 5.Bd2 Be7 6.Bg2 O-O 7.O-O Nbd7 8.Qc2 
c6 9.Rd1 Ne4 10.Nc3 f5 11.Be3 Qe8 12.Ne1 Qh5 13.Nd3 g5 14.f3 Nd6 15.c5 Nf7
16.Bf2 e5 17.e4 dxe4 18.fxe4 exd4 19.Bxd4 Bf6 20.Bxf6 Nxf6 21.Re1 f4 22.
gxf4 gxf4 23.Nxf4 Qxc5+ 24.Kh1 Ne5 25.Nd3 Nxd3 26.Qxd3 Ng4 27.Qg3 Kh8 28.
e5 Nf2+ 29.Kg1 Bh3 30.Qe3 Rg8 31.Qxc5 Rxg2+ 32.Kf1 Nd3 33.Re3 Rf2+ 34.Kg1 
Rg8+ 35.Rg3 Rxg3+ 36.hxg3 Rg2+ 37.Kh1 Nxc5 0-1

[Event "zonal 1.4"]
[Site "Krynica-Zdroj POL"]
[Date "1998.09.06"]
[Round "5"]
[White "Blatny, Pavel"]
[Black "Todorov, Todor"]
[Result "1-0"]
[WhiteElo "2520"]
[BlackElo "2420"]
[EventDate "1998.09.02"]
[PlyCount "81"]

1.Nf3 Nf6 2.b3 g6 3.Bb2 Bg7 4.g3 O-O 5.Bg2 d6 6.d4 Nbd7 7.Qc1 c5 8.O-O Rb8
9.c4 a6 10.Rd1 cxd4 11.Nxd4 Qa5 12.Nc3 Qh5 13.h3 Ne5 14.g4 Qh4 15.f4 Bh6 
16.Rf1 Qg3 17.e3 Bxg4 18.Nde2 Qh4 19.fxe5 dxe5 20.Rxf6 exf6 21.hxg4 Qxg4 
22.Qd2 b5 23.Nd5 Bg5 24.c5 Rbd8 25.Nec3 f5 26.Qe2 Qg3 27.b4 h5 28.Qf3 Qh4 
29.e4 fxe4 30.Qxe4 f5 31.Qxh4 Bxh4 32.a4 a5 33.axb5 axb4 34.Nxb4 Bf2+ 35.
Kxf2 Rd2+ 36.Kf1 Rxb2 37.Rb1 Rd2 38.c6 f4 39.Ne4 Rd4 40.Bf3 g5 41.Nxg5 1-0

[Event "zonal 1.4"]
[Site "Krynica-Zdroj POL"]
[Date "1998.09.07"]
[Round "6"]
[White "Almasi, Zoltan"]
[Black "Wojtkiewicz, Aleksander"]
[Result "1-0"]
[WhiteElo "2650"]
[BlackElo "2595"]
[EventDate "1998.09.02"]
[PlyCount "77"]

1.e4 c5 2.Nf3 d6 3.d4 cxd4 4.Nxd4 Nf6 5.Nc3 a6 6.Be3 e5 7.Nb3 Be6 8.Qd2 
Nbd7 9.f3 Rc8 10.g4 Nb6 11.O-O-O Be7 12.h4 O-O 13.Kb1 Kh8 14.Rg1 Nc4 15.
Bxc4 Rxc4 16.Qd3 b5 17.g5 Nh5 18.Nd2 Rc8 19.Nd5 f5 20.c4 fxe4 21.fxe4 bxc4
22.Nxc4 Nf4 23.Bxf4 Rxf4 24.h5 Bf8 25.Nxd6 Bxd5 26.Qxd5 Bxd6 27.Qxd6 Qxd6 
28.Rxd6 Rxe4 29.Rxa6 Rh4 30.h6 Rg8 31.Re1 e4 32.Re6 Rg4 33.Re5 gxh6 34.
gxh6 Rh4 35.Re6 Rgg4 36.Re8+ Rg8 37.R1xe4 Rxh6 38.Rxg8+ Kxg8 39.a4 1-0

[Event "zonal 1.4"]
[Site "Krynica-Zdroj POL"]
[Date "1998.09.07"]
[Round "6"]
[White "Istratescu, Andrei"]
[Black "Hracek, Zbynek"]
[Result "0-1"]
[WhiteElo "2540"]
[BlackElo "2615"]
[EventDate "1998.09.02"]
[PlyCount "62"]

1.e4 c5 2.Nf3 d6 3.d4 cxd4 4.Nxd4 Nf6 5.Nc3 Nc6 6.Bc4 e6 7.Be3 Be7 8.Bb3 
O-O 9.f4 Nxd4 10.Qxd4 Bd7 11.O-O-O Bc6 12.Kb1 Qa5 13.Rhf1 b5 14.a3 Rab8 
15.e5 dxe5 16.fxe5 Nd7 17.Rxf7 Rxf7 18.Bxe6 Nc5 19.Bxf7+ Kxf7 20.Rf1+ Kg8 
21.Nd5 Bf8 22.Rxf8+ Rxf8 23.Ne7+ Kh8 24.Qxc5 Rf1+ 25.Ka2 Bd7 26.Qd5 Qd8 
27.Bg5 Rd1 28.Qb3 Qf8 29.c3 Re1 30.Qd5 Be8 31.e6 Rxe6 0-1